Consumer behaviour : (Record no. 8640)
[ view plain ]
| 000 -LEADER | |
|---|---|
| fixed length control field | 00783cam a22002294a 4500 |
| 001 - CONTROL NUMBER | |
| control field | 15045996 |
| 005 - DATE AND TIME OF LATEST TRANSACTION | |
| control field | 20260126164323.0 |
| 008 - FIXED-LENGTH DATA ELEMENTS--GENERAL INFORMATION | |
| fixed length control field | 071016s2008 caua b 001 0 eng |
| 020 ## - INTERNATIONAL STANDARD BOOK NUMBER | |
| International Standard Book Number | 9781412934305 |
| Qualifying information | cased |
| 020 ## - INTERNATIONAL STANDARD BOOK NUMBER | |
| International Standard Book Number | 9781412934312 |
| Qualifying information | pbk. |
| 050 00 - LIBRARY OF CONGRESS CALL NUMBER | |
| Classification number | HF5415.32 |
| Item number | .E274 2008 |
| 082 00 - DEWEY DECIMAL CLASSIFICATION NUMBER | |
| Classification number | 658.8/342 |
| Edition information | 22 |
| 100 1# - MAIN ENTRY--PERSONAL NAME | |
| Personal name | East, Robert, |
| Dates associated with a name | 1940- |
| 245 10 - TITLE STATEMENT | |
| Title | Consumer behaviour : |
| Remainder of title | applications in marketing / |
| Statement of responsibility, etc. | by Robert East, Malcolm Wright, and Marc Vanhuele. |
| 260 ## - PUBLICATION, DISTRIBUTION, ETC. | |
| Place of publication, distribution, etc. | Los Angeles : |
| Name of publisher, distributor, etc. | Sage Publications, |
| Date of publication, distribution, etc. | 2008. |
| 300 ## - PHYSICAL DESCRIPTION | |
| Extent | viii, 334 p. : |
| Other physical details | ill. ; |
| Dimensions | 24 cm. |
| 650 #0 - SUBJECT ADDED ENTRY--TOPICAL TERM | |
| Topical term or geographic name entry element | Consumer behavior. |
| 700 1# - ADDED ENTRY--PERSONAL NAME | |
| Personal name | Wright, Malcolm, |
| Dates associated with a name | 1963- |
| 700 1# - ADDED ENTRY--PERSONAL NAME | |
| Personal name | Vanhuele, Marc. |
| 856 41 - ELECTRONIC LOCATION AND ACCESS | |
| Materials specified | Table of contents only |
| Uniform Resource Identifier | <a href="http://www.loc.gov/catdir/toc/fy1001/2007939515.html">http://www.loc.gov/catdir/toc/fy1001/2007939515.html</a> |
| 942 ## - ADDED ENTRY ELEMENTS (KOHA) | |
| Source of classification or shelving scheme | Library of Congress Classification |
| Koha item type | Books |
| Suppress in OPAC | No |
| 999 ## - | |
| -- | 8640 |
| -- | 8640 |
| Withdrawn status | Lost status | Source of classification or shelving scheme | Damaged status | Not for loan | Collection | Home library | Current library | Shelving location | Date acquired | Total checkouts | Full call number | Barcode | Date last seen | Copy number | Price effective from | Koha item type | Public note |
|---|---|---|---|---|---|---|---|---|---|---|---|---|---|---|---|---|---|
| Library of Congress Classification | Non-fiction | Graduate Library (Christ Temple) | Graduate Library (Christ Temple) | General stacks | 01/26/2026 | HF 5415.32 EAS | GSCT00002123 | 01/26/2026 | 1 | 01/26/2026 | Books | EAQ | |||||
| Library of Congress Classification | Non-fiction | Graduate Library (Christ Temple) | Graduate Library (Christ Temple) | General stacks | 01/26/2026 | HF 5415.32 EAS | GSCT00002124 | 01/26/2026 | 2 | 01/26/2026 | Books | EAQ | |||||
| Library of Congress Classification | Non-fiction | Graduate Library (Christ Temple) | Graduate Library (Christ Temple) | General stacks | 01/26/2026 | HF 5415.32 EAS | GSCT00002125 | 01/26/2026 | 3 | 01/26/2026 | Books | EAQ | |||||
| Library of Congress Classification | Non-fiction | Graduate Library (Christ Temple) | Graduate Library (Christ Temple) | General stacks | 01/26/2026 | HF 5415.32 EAS | GSCT00002126 | 01/26/2026 | 4 | 01/26/2026 | Books | EAQ |